000 01008cam a22002415a 4500
001 L159280
008 160425s2016 xxk f 000 0 eng d
020 _a9781911040156
035 _a(Sirsi) u159280
041 0 _aeng
050 0 4 _a657.3 ISA
110 2 _aInternational Accounting Standards Board
_94097
240 _aIFRS Standards 2016
245 0 0 _aInternational Financial Reporting Standards 2016 Part A
_bthe conceptual framework and requirements
260 _aLondon
_bIASB
_c2016
520 _aPart A includes the conceptual framework for financial reporting, the preface and and consolidated text of the IFRS Standards including IAS standards and interpretations as at 16 January 2016. Includes new IFRS 16 Leases which provides a single lessee accounting model for leases with a term of more than 12 months.
590 _aKA
650 2 4 _aIFRS 16
650 2 4 _aINTERNATIONAL FINANCIAL REPORTING STANDARDS
651 4 _aInternational
690 _aFinance and taxation
942 _n0
999 _c115779
_d115779